| 000 | 00635nam a2200229Ia 4500 | ||
|---|---|---|---|
| 003 | OSt | ||
| 005 | 20221006165722.0 | ||
| 006 | a|||||r|||| 00| 0 | ||
| 007 | ta | ||
| 008 | 221006b |||||||| |||| 00| 0 hin d | ||
| 024 | _a6,677 | ||
| 037 | _cTextual | ||
| 040 |
_aFML _cFML _bhin |
||
| 041 |
_2hin _ahin |
||
| 082 | _aNR44,5(delta25), L7 | ||
| 100 |
_aSwaroopanand Swami Au. _9680347 |
||
| 245 | 0 | _aSangeet Mahodadhi | |
| 260 |
_aDelhi _bSwaroopanand Prakashan India _c1977 |
||
| 300 |
_a143, 63 _ccm. |
||
| 942 |
_hNR44,5(delta25), L7 _cTEXL _2CC |
||
| 999 |
_c1121811 _d1121811 |
||